Stolice świata na literę M - Statystyki

Ogólne statystyki
  • Ten quiz został rozwiązany 9 196 razy
  • Średni wynik to 8 z 19
Statystyki odpowiedzi
Państwo Stolica % Poprawnych
Hiszpania Madryt
85%
Rosja Moskwa
76%
Białoruś Mińsk
73%
Meksyk Meksyk
72%
Monako Monako
71%
Urugwaj Montevideo
62%
Filipiny Manila
49%
Malediwy Male
40%
Somalia Mogadiszu
39%
Oman Maskat
34%
Bahrajn Manama
33%
Nikaragua Managua
30%
Mozambik Maputo
30%
Liberia Monrovia
28%
Eswatini Mbabane
24%
Lesotho Maseru
23%
Gwinea Równikowa Malabo
21%
Wyspy Marshalla Majuro
20%
Komory Moroni
20%
Nie znaleziono quizów pasujących do podanych kryteriów
Rozkład punktacji
Procent ludzi z każdym wynikiem
Percentyl według liczby udzielonych odpowiedzi
Twoja historia wyników
Nie rozwiązałeś tego quizu